Выбор типа подвеса для роторов турбогруппы газотурбинных теплоэлектроцентралей горизонтального исполнения; Современные техника и технологии; Т. 1

Bibliografiske detaljer
Parent link:Современные техника и технологии: сборник трудов XVII международной научно-практической конференции студентов, аспирантов и молодых ученых, Томск, 18-22 апреля 2011 г/ Национальный исследовательский Томский политехнический университет (ТПУ).— , 2011
Т. 1.— 2011.— [С. 327-328]
Hovedforfatter: Машковский Р. А.
Andre forfattere: Зотов И. В. (научный руководитель), Лисиенко В. Г., Дементьев Ю. Н. Юрий Николаевич
Summary:Заглавие с титульного экрана
Sprog:russisk
Udgivet: 2011
Serier:Технология, оборудование и автоматизация машиностроительных производств
Fag:
Online adgang:http://www.lib.tpu.ru/fulltext/c/2011/C01/V01/161.pdf
Format: Electronisk Book Chapter
KOHA link:https://koha.lib.tpu.ru/cgi-bin/koha/opac-detail.pl?biblionumber=235016

MARC

LEADER 00000naa2a2200000 4500
001 235016
005 20260213093216.0
035 |a (RuTPU)RU\TPU\book\256145 
035 |a RU\TPU\book\256144 
090 |a 235016 
100 |a 20130403d2011 k y0rusy50 ca 
101 0 |a rus 
102 |a RU 
135 |a drnn ---uucaa 
181 0 |a i  
182 0 |a b 
200 1 |a Выбор типа подвеса для роторов турбогруппы газотурбинных теплоэлектроцентралей горизонтального исполнения  |f Р. А. Машковский, И. В. Зотов, В. Г. Лисиенко  |g науч. рук. Ю. Н. Дементьев 
203 |a Текст  |c электронный 
225 1 |a Технология, оборудование и автоматизация машиностроительных производств 
300 |a Заглавие с титульного экрана 
320 |a [Библиогр.: с. 328 (2 назв.)] 
337 |a Adobe Reader 
461 1 |0 (RuTPU)RU\TPU\book\255301  |t Современные техника и технологии  |o сборник трудов XVII международной научно-практической конференции студентов, аспирантов и молодых ученых, Томск, 18-22 апреля 2011 г  |o в 3 т.  |f Национальный исследовательский Томский политехнический университет (ТПУ)  |d 2011 
463 1 |0 (RuTPU)RU\TPU\book\255306  |t Т. 1  |v [С. 327-328]  |d 2011 
610 1 |a труды учёных ТПУ 
610 1 |a электронный ресурс 
610 1 |a подвесы 
610 1 |a ротор 
610 1 |a турбомашины 
610 1 |a газотурбинные теплоэлектроцентрали 
610 1 |a горизонтальные плоскости 
700 1 |a Машковский  |b Р. А. 
701 1 |a Зотов  |b И. В. 
701 1 |a Лисиенко  |b В. Г. 
702 1 |a Дементьев  |b Ю. Н.  |c специалист в области электротехники  |c доцент Томского политехнического университета, кандидат технических наук  |f 1953-  |g Юрий Николаевич  |4 727 
801 2 |a RU  |b 63413507  |c 20160124  |g RCR 
856 4 |u http://www.lib.tpu.ru/fulltext/c/2011/C01/V01/161.pdf 
942 |c CF